00756 2200241 4500001002100000005001700021008004100038020001800079035002400097082001000121090002200131100003400153245013900187250001100326260003500337300002400372500001100396500003100407650002400438700001900462850001200481999002100493YOGYA-0411000000168220110420073723.0 ind  a979-8120-79-5 0010-041100000001682 a321.4 a321.4bBud MlDEP aBUDI HARJANTO, Nicolaus Teguh aMemajukan demokrasi mencegah disintegrasibsebuah wacana pembangunan politikcNicolaus Teguh Budi Harjanto ; penyunting, Imron Rosyidi aCet. 1 aYogyakartabTiara Wacanac1998 axii, 173 hlmc21 cm aIndeks aBibliografi : hlm. 167-170 aDemokrasi Pancasila aRosyidi, Imron aYOPDYOG a1998-208 CB-D.11